Prophet Muhammad and his companions / (Record no. 155747)

MARC details
000 -LEADER
fixed length control field 00611nam a22002177a 4500
003 - CONTROL NUMBER IDENTIFIER
control field dpl
005 - DATE AND TIME OF LATEST TRANSACTION
control field 20180810131440.0
008 - FIXED-LENGTH DATA ELEMENTS--GENERAL INFORMATION
fixed length control field 180810b xxu||||| |||| 00| 0 eng d
010 ## - LIBRARY OF CONGRESS CONTROL NUMBER
LC control number B-107957
020 ## - INTERNATIONAL STANDARD BOOK NUMBER
International Standard Book Number 8187746467
035 ## - SYSTEM CONTROL NUMBER
System control number B-107957, B-107960
040 ## - CATALOGING SOURCE
Transcribing agency dpl
082 ## - DEWEY DECIMAL CLASSIFICATION NUMBER
Classification number 270.32
100 ## - MAIN ENTRY--PERSONAL NAME
Personal name Singh, N.K.
245 ## - TITLE STATEMENT
Title Prophet Muhammad and his companions /
Statement of responsibility, etc N.K. Singh
260 ## - PUBLICATION, DISTRIBUTION, ETC. (IMPRINT)
Place of publication, distribution, etc Delhi
Name of publisher, distributor, etc Global Vision Publishing House
Date of publication, distribution, etc 2003
270 ## - ADDRESS
Address 19A/E, G.T.B. Enclave
City Delhi
Postal code 110093
300 ## - PHYSICAL DESCRIPTION
Extent 398p.
Dimensions 24cm
500 ## - GENERAL NOTE
General note Includes index
942 ## - ADDED ENTRY ELEMENTS (KOHA)
Source of classification or shelving scheme Dewey Decimal Classification
Koha item type English Books
Classification part 270.32
Call number suffix PRO
Holdings
Withdrawn status Lost status Source of classification or shelving scheme Damaged status Not for loan Collection code Home library Current library Date acquired Source of acquisition Cost, normal purchase price Total Checkouts Full call number Barcode Date last seen Cost, replacement price Price effective from Koha item type Total Renewals Date checked out
    Dewey Decimal Classification     Non-fiction Shahdara Branch Shahdara Branch 10/08/2018 BPPD/PUB 0.00   270.32 PRO B-107957 10/08/2018 0.00 10/08/2018 English Books    
    Dewey Decimal Classification     Non-fiction Shahdara Branch Shahdara Branch 10/08/2018 BPPD/PUB 0.00 1 270.32 PRO B-107960 29/08/2022 0.00 10/08/2018 English Books 1 26/07/2022

© Delhi Public Library
Hit Counter
free hit counter